00321nam a2200121Ia 4500008004100000041000800041082001900049100002200068245003200090260003900122300003100161365000700192240624s9999 xx 000 0 und d aeng a332.280954 RAU aRAUL RAJANI KANTA aINDUSTRIAL FINANCE IN INDIA c1997aNew DelhibAnmol Publication axiv, : 297 : p. : cm. ; 23 cRS